01425nam a2200385 c 450000100060000000300100000600500170001600700030003300800410003602000180007704000350009504100080013004300120013808200180015010000220016824501530019025000200034326400400036330000430040333600270044633700330047333800280050649000170053450001050055150000520065650400480070852100380075653400230079465000460081765000410086365000350090465000360093970000280097570000360100359776CO-BoRNBP20251105153635.0ta180815s2015 sp a gr 000 0 spa d a9788498019704 aCO-BoRNBPbspaerdacCO-BoRNBP0 aspa as-ck---04a546223bS12c aScerri, Ericeaut10a50 elementos químicos :bqué son y qué representan /cEric Scerri ; colaboradores... [y otros ocho] ; traducción Alfonso Rodríguez Arias. aNueva edición 1aBarcelona, España :bBlume,c2015 a160 páginas :bilustraciones a color atextobtxt2rdacontent asin mediaciónbn2rdamedia avolumenbnc2rdacarrier0 aGuía breve aIncluye datos biográficos de los colaboradores al final del texto y del autor en la contracubierta aIncluye glosario al comienzo de cada capítulo aIncluye bibliografía en páginas 156-157 aRecomendado para público adulto t30-second elements07aElementos químicosxComposición2lemb07aElementos químicosxHistoria2lemb07aQuímicosvBiografías2lemb07aTabla Periodica (Quimica)2LEMB aAldersey-Williams, Hugh aRodríguez Arias, Alfonsoetrl